Ancient Near Eastern texts relating to the Old Testament /

محفوظ في:

المؤلف الرئيسي: Pritchard, James B.‏ 1909-1997. (مؤلف)

التنسيق: كتاب

اللغة: English

منشور في: Princeton : Princeton University Press, 1955.

الطبعة: 2d ed., corr. and enl.

الموضوعات:

الوسوم: إضافة وسم

لا توجد وسوم, كن أول من يضع وسما على هذه التسجيلة!

رقم الطلب: BS1180 .P83 1955

LEADER 00835nam a22002411 4500
001 3152
003 OSt
005 20251016111440.0
008 130303s1955 nju b 000 0 eng d
010 |a 55009033 
040 |c ARCE Library 
050 4 |a BS1180 .P83 1955 
100 1 |a Pritchard, James B.‏   |q (James Bennett),  |d 1909-1997.  |e  author 
245 1 0 |a Ancient Near Eastern texts relating to the Old Testament /  |c Translators and annotators : W.F. Albright [and others]. 
250 |a 2d ed., corr. and enl. 
264 1 |a Princeton :  |b Princeton University Press,  |c 1955. 
300 |a xxi, 544 pages ;  |c 29 cm. 
504 |a Bibliographical footnotes. 
630 0 0 |a Bible.  |p O.T.  |x History of contemporary events. 
650 0 |a Middle Eastern literature  |v Translations into English. 
901 |a reviewed 
942 |c BK  |2 lcc 
999 |c 8260  |d 8260